Bulletin mensuel de statistique
Na minha lista:
| Formato: | Periódico |
|---|---|
| Idioma: | francês |
| Publicado em: |
Paris
Institut National de la Statistique et des Études Économiques
1976
|
| Tags: |
Sem tags, seja o primeiro a adicionar uma tag!
|
MARC
| LEADER | 00000nas2a22000001 4500 | ||
|---|---|---|---|
| 001 | 0008517 | ||
| 005 | 20250730114236.5 | ||
| 041 | 0 | |a fre | |
| 044 | |a FR | ||
| 245 | 1 | 0 | |a Bulletin mensuel de statistique |
| 264 | 1 | |a Paris |b Institut National de la Statistique et des Études Économiques |c 1976 | |
| 300 | |a 1 zv. | ||
| 773 | 0 | |w eu_un_cat*0008512 | |